The Masked Singer Celebrities by Picture - Statistics

General Stats
  • This quiz has been taken 401 times
    23 since last reset
  • The average score is 87 of 240
Answer Stats
Picture Hint Answer % Correct
Snail Kermit the Frog
75%
Poodle Margaret Cho
75%
Leopard Seal
75%
Hippo Antonio Brown
63%
Crab Bobby Brown
63%
Prince Cheyenne Jackson
63%
Gnome Dick Van Dyke
63%
Peacock Donny Osmond
63%
Venus Fly Trap George Foreman
63%
Jester Johnny Rotten
63%
T-Rex JoJo Siwa
63%
Ladybug Kelly Osbourne
63%
Alien La Toya Jackson
63%
Judge (1-) Robin Thicke
63%
Monster T-Pain
63%
Showbird Yvette Nicole Brown
63%
Mummy Barry Williams
50%
Swan Bella Thorne
50%
Royal Hen Billie Jean King
50%
Phoenix Caitlyn Jenner
50%
Mummy Christopher Knight
50%
Seal Corey Feldman
50%
Mouse Dionne Warwick
50%
Llama Drew Carey
50%
Armadillo Duane Chapman
50%
Hedgehog Eric Idle
50%
Space Ranger Flavor Flav
50%
Bee Gladys Knight
50%
Rock Lobster Howie Mandel
50%
Judge (1-) Jenny McCarthy Wahlberg
50%
Beetle Jerry Springer
50%
Black Swan JoJo
50%
Book Kevin Hart
50%
Baby Larry the Cable Guy
50%
Robot Lil Wayne
50%
Grandpa Monster Logan Paul
50%
Mantis Lou Diamond Phillips
50%
Sea Queen Macy Gray
50%
Wasp Mario
50%
Lamp Melissa Joan Hart
50%
Butterfly Michelle Williams
50%
Bluebell Natalie Imbruglia
50%
Cow Ne-Yo
50%
Host (1-) Nick Cannon
50%
Bulldog Nick Cannon
50%
Judge (1-10) Nicole Scherzinger
50%
Hydra Penn & Teller
50%
Judge (11-) Rita Ora
50%
Jack in the Box Rudy Giuliani
50%
Bear Sarah Palin
50%
Tiki Sebastian Bach
50%
Space Bunny Shaggy
50%
Deer Terry Bradshaw
50%
Pineapple Tommy Chong
50%
Unicorn Tori Spelling
50%
Fox Wayne Brady
50%
Lips Wendy Williams
50%
Lambs Wilson Phillips
50%
Harp Amber Riley
38%
Boogie Woogie Andy Grammer
38%
Rubber Ducky Anthony Anderson
38%
Rhino Barry Zito
38%
Macaron Bethany Hamilton
38%
Sir Lion Billy Bush
38%
Owl Billy Ray Cyrus
38%
Frog Bow Wow
38%
Banana Bret Michaels
38%
Giraffe Brian Austin Green
38%
Dragon Busta Rhymes
38%
Honey Pot Cedric the Entertainer
38%
Miss Monster Chaka Khan
38%
Ugly Sweater Charlie Wilson
38%
Jellyfish Chloe Kim
38%
Rottweiler Chris Daughtry
38%
Bride Chris Jericho
38%
Hummingbird Chris Kirkpatrick
38%
Beets Clay Aiken
38%
Raccoon Danny Trejo
38%
Fortune Teller Daymond John
38%
Doll Dee Snider
38%
Koala DeMarcus Ware
38%
Ice King Drake Bell
38%
Eagle Dr. Drew Pinsky
38%
Serpent Dr. Elvis Francois
38%
Skunk Faith Evans
38%
Mermaid Gloria Gaynor
38%
Polar Bear Grandmaster Flash
38%
Pearl Gretchen Wilson
38%
Russian Dolls Hanson
38%
Snow Cone Heidi Montag
38%
Beach Ball Honey Boo Boo
38%
Astronaut Hunter Hayes
38%
Griffin James Van Der Beek
38%
Pi-Rat Jeff Dunham
38%
Turtle Jesse McCartney
38%
Rabbit Joey Fatone
38%
Walrus Joey Lawrence
38%
Anteater John Oates
38%
Donut John Schneider
38%
Kangaroo Jordyn Woods
38%
Robo Girl Kat Graham
38%
Gargoyle Keenan Allen
38%
Judge (1-) Ken Jeong
38%
Sun LeAnn Rimes
38%
Jackalope Lele Pons
38%
Milkshake Le'Veon Bell
38%
Scarecrow Linda Blair
38%
Whatchamacallit Lonzo Ball
38%
Beach Ball Mama June
38%
Orca Mark McGrath
38%
Paparazzo Matthew Lawrence
38%
Stud Muffin Method Man
38%
Wolf Michael Bolton
38%
Pickle Michael Rapaport
38%
Gremlin Mickey Rourke
38%
Panther Montell Jordan
38%
Pepper Natasha Bedingfield
38%
Crocodile Nick Carter
38%
Piglet Nick Lachey
38%
Snowstorm Nikki Glaser
38%
Yeti Omarion
38%
Fuzzy Peas Oscar De La Hoya
38%
Black Widow Raven-Symoné
38%
Sir Bug a Boo Ray Parker Jr.
38%
Raven Ricki Lake
38%
White Tiger Rob Gronkowski
38%
Hamster Rob Schneider
38%
Lion Rumer Willis
38%
Cupcake Ruth Pointer
38%
Mustang Sara Evans
38%
Penguin Sherri Shepherd
38%
Lizard Sisqó
38%
Scarab Taraji P. Henson
38%
Popcorn Taylor Dayne
38%
Firefly Teyana Taylor
38%
Bull Todrick Hall
38%
Taco Tom Bergeron
38%
Diver Tom Sandoval
38%
Handyman Tone Loc
38%
Elephant Tony Hawk
38%
Seahorse Tori Kelly
38%
Dalmatian Tyga
38%
Ice Cream Tyler "Ninja" Blevins
38%
Robopine Tyrese Gibson
38%
Thingamajig Victor Oladipo
38%
Knight William Shatner
38%
Chameleon Wiz Khalifa
38%
Avocado Adam Carolla
25%
Flamingo Adrienne Bailon
25%
Strawberry Shortcake AJ Michalka
25%
Axolotl Alexa Bliss
25%
High Voltage Alexi Lalas
25%
Mushroom Aloe Blacc
25%
Dust Bunny Andy Richter
25%
S'More Ashley Parker Angel
25%
Ant Aubrey O'Day
25%
Medusa Bishop Briggs
25%
Caterpillar Bobby Berk
25%
Squiggly Monster Bob Saget
25%
Buffalos Boyz II Men
25%
Mad Scientist Monster Brian Kelley
25%
Sherlock Hound Bronson Arroyo
25%
Cherry Blossom Candace Cameron Bure
25%
Poodle Moth Chrissy Metz
25%
Lemur Christie Brinkley
25%
Queen Corgi Claudia Oshry
25%
Snow Owls Clint Black
25%
Macaw David Archuleta
25%
Banana Split David Foster
25%
Googly Eyes David Ortiz
25%
Night Owl Debbie Gibson
25%
McTerrier Duff Goldman
25%
Nessy Edwin McCain
25%
Queen Cobras En Vogue
25%
Yorkie Erika Jayne
25%
Stingray Evan Ross
25%
Gopher George Clinton
25%
Moose George Wendt
25%
Husky Ginuwine
25%
14 Karat Carrot Greg Mathis
25%
Ringmaster Hayley Orrantia
25%
Fairy Holly Robinson Peete
25%
Kitty Jackie Evancho
25%
Eggplant Jack Wagner
25%
Gazelle Janel Parrish
25%
Miss Cleocatra Jenifer Lewis
25%
Miss Teddy Jennifer Holliday
25%
Queen of Hearts Jewel
25%
Spaghetti & Meatballs Joe Bastianich
25%
Ram Joe Buck
25%
Leaf Sheep John Elway
25%
Egg Johnny Weir
25%
Cyclops Jorge Garcia
25%
Croissant Julie Chrisley
25%
Night Angel Kandi Burruss
25%
Starfish Kate Flannery
25%
Banana Split Katharine McPhee
25%
Candelabra Keyshia Cole
25%
Baby Mammoth Kirstie Alley
25%
Goo Kobie Turner
25%
Cat Witch Kylie Cantrall
25%
Panda Laila Ali
25%
Chess Piece Laverne Cox
25%
Snow Owls Lisa Hartman Black
25%
Hibiscus Luann de Lesseps
25%
Squirrel Malin Akerman
25%
Maize Mario Cantone
25%
Baby Alien Mark Sanchez
25%
Woodpecker Marsai Martin
25%
Coral Meg Donnelly
25%
Cuddle Monster Metta World Peace
25%
UFO Olivia Culpo
25%
Flower Patti LaBelle
25%
Ship Paula Cole
25%
Broccoli Paul Anka
25%
California Roll Pentatonix
25%
Pangolin Rachel Platten
25%
Beets Ruben Studdard
25%
Afghan Hound Savannah Chrisley
25%
Bat Scheana Shay
25%
Gumball Scott Porter
25%
Seashell Tamera Mowry-Housley
25%
Calla Lily Teddi Mellencamp
25%
Clock Thelma Houston
25%
Le Who Who Tiffany Haddish
25%
Croissant Todd Chrisley
25%
Pufferfish Toni Braxton
25%
Hawk Tyler Posey
25%
Goldfish Vanessa Hudgens
25%
Mother Nature Vivica A. Fox
25%
Dandelion Alicia Witt
13%
Tree Ana Gasteyer
13%
Scorpio Christine Quinn
13%
Lovebird Colton Underwood
13%
Octopus Dwight Howard
13%
Royal Knight Jana Kramer
13%
Thingamabob Jordan Mailata
13%
Mummy Mike Lookinland
13%
Skeleton Paul Shaffer
13%
Mallard Willie Robertson
13%
No matching quizzes found
Score Distribution
Percent of People with Each Score
Percentile by Number Answered
Your Score History
You have not taken this quiz since the last reset